|
000
|
00659nam0 2200193 450
|
|
001
|
0641014656
|
|
005
|
20060325112358.45
|
|
010
|
|
@dCNY2.30
|
|
100
|
|
@a20060325d km y0chiy0120 ea
|
|
101
|
0
|
@achi
|
|
102
|
|
@aCN@b510000
|
|
200
|
1
|
@a养禽@Ayang qin@f四川省农村文化技术教材编辑委员会主编@Fsi chuan sheng nong cun wen hua ji shu jiao cai bian ji wei yuan hui zhu bian
|
|
210
|
|
@a成都@c四川科学技术出版社
|
|
215
|
|
@a195页@d19cm
|
|
606
|
0
|
@a农业科学
|
|
690
|
|
@aS@v4
|
|
711
|
0
|
@a四川省农村文化技术教材编辑委员会@Asi chuan sheng nong cun wen hua ji shu jiao cai bian ji wei yuan hui@4主编
|
|
801
|
0
|
@aCN@bNISOFT@c20060325
|
|
905
|
|
@a10447@dS@e2485
|
|
|
|
|
| |
| 养禽/四川省农村文化技术教材编辑委员会主编.-成都:四川科学技术出版社 |
| 195页;19cm |
| |
| |
| ISBN :CNY2.30 |
| |
| ● |
正题名:养禽
索取号:S/2485
 
预约/预借
| 序号
|
登录号
|
条形码
|
馆藏地/架位号
|
状态
|
备注
|
|
1
|
131249
|
201312490
|
海科密-1楼/51架8列1层/
[索取号:S/2485]
|
在馆
|
|